Culture Générale - Série 312 - Statistiques

Statistiques générales
  • Ce quiz a été pris 255 fois
  • Le résultat moyen est 6 sur 10
Statistiques - réponses
Question Réponse % Correct
Quel type de devinette commence par "mon 1er" et finit par "mon tout" ? La charade
91%
Dans quel sport le Britannique Lewis Hamilton s'illustre-t-il ? La Formule 1
90%
Comment appelle-t-on le casque porté pour pratiquer l'équitation ? La bombe
83%
Quel pays a des frontières communes avec la Russie et la Norvège ? La Finlande
80%
Quand elle a moins de deux mois, quel nom porte la petite du canard ? La canette
60%
En arithmétique, quel nom porte le résultat d'une soustraction ? La différence
43%
Quelle ex-république soviétique Edouard Chevardnadze a-t-il présidée ? La Géorgie
35%
Quel insecte est un des personnages fétiches de Marcel Gotlib ? La coccinelle
31%
Quelle créature fabuleuse avait une tête de lion et un corps de chèvre ? La chimère
26%
Quel homme d'Eglise a commis une faute selon le titre d'un roman d'Emile Zola ? L'abbé Mouret
20%
Aucun quiz correspondant
Distribution des résultats
% des personnes avec chaque résultat
Percentile par nombre de réponses
Votre historique - résultats
Vous n’avez pas pris ce quiz